<?xml version="1.0" encoding="UTF-8"?><?xml-stylesheet type="text/xsl" href="static/style.xsl"?><OAI-PMH xmlns="http://www.openarchives.org/OAI/2.0/" xmlns:xsi="http://www.w3.org/2001/XMLSchema-instance" xsi:schemaLocation="http://www.openarchives.org/OAI/2.0/ http://www.openarchives.org/OAI/2.0/OAI-PMH.xsd"><responseDate>2026-04-14T02:59:55Z</responseDate><request verb="GetRecord" identifier="oai:www.recercat.cat:2117/411411" metadataPrefix="marc">https://recercat.cat/oai/request</request><GetRecord><record><header><identifier>oai:recercat.cat:2117/411411</identifier><datestamp>2025-07-22T18:24:06Z</datestamp><setSpec>com_2072_1033</setSpec><setSpec>col_2072_452951</setSpec></header><metadata><record xmlns="http://www.loc.gov/MARC21/slim" xmlns:dcterms="http://purl.org/dc/terms/" xmlns:xsi="http://www.w3.org/2001/XMLSchema-instance" xmlns:doc="http://www.lyncode.com/xoai" xsi:schemaLocation="http://www.loc.gov/MARC21/slim http://www.loc.gov/standards/marcxml/schema/MARC21slim.xsd">
   <leader>00925njm 22002777a 4500</leader>
   <datafield ind2=" " ind1=" " tag="042">
      <subfield code="a">dc</subfield>
   </datafield>
   <datafield ind2=" " ind1=" " tag="720">
      <subfield code="a">Jaramillo Civill, Mariona</subfield>
      <subfield code="e">author</subfield>
   </datafield>
   <datafield ind2=" " ind1=" " tag="260">
      <subfield code="c">2024-05-28</subfield>
   </datafield>
   <datafield ind2=" " ind1=" " tag="520">
      <subfield code="a">La Retinopatia del Prematur (ROP) és un trastorn vascular que afecta aproximadament a dos terços dels nadons prematurs que pesen menys de 1250g en néixer. Tot i que la majoria dels casos es resolen sense intervenció, entre el 5% i el 10% evolucionen cap a una ROP severa, amb el risc de ceguesa permanent si no es tracta. El procés de diagnòstic tradicional, caracteritzat per la subjectivitat i la variabilitat de diagnòstic entre els metges, suposa un repte per a un diagnòstic consistent i precoç.&#xd;
Aquest estudi presenta un sistema de diagnòstic automatitzat pioner per a la ROP que requereix tractament, que integra una seqüència d'imatges de sessions consecutives juntament amb el pes al néixer i l'edat gestacional del nadó, apartant-se de l'enfocament convencional de confiar únicament en una sola imatge per pacient i ull. Aprofitant la Classificació Bayesiana Recursiva i les Xarxes Neuronals Recurrents, el model incorpora la progressió temporal de la malaltia a través de les sessions, demostrant un millor rendiment diagnòstic com ho evidencia la millora en la mètrica F1 per al diagnòstic de la ROP.&#xd;
Els estudis futurs es concentraran en perfeccionar aquests models i en intentar recopilar dades de més sessions, per tal d'intentar validar així els resultats obtinguts en aquest estudi.</subfield>
   </datafield>
   <datafield ind2=" " ind1=" " tag="520">
      <subfield code="a">La Retinopatía del Prematuro (ROP) es un trastorno vascular en la retina que afecta a alrededor de dos tercios de los bebés prematuros que pesan menos de 1250g al nacer. Aunque la mayoría de los casos se resuelven sin intervención en varios meses, entre el 5% y el 10% progresan a ROP severa, lo que supone el riesgo de ceguera permanente si no se trata. El proceso de diagnóstico tradicional es subjetivo y varía significativamente entre los médicos, lo que representa un desafío en el diagnóstico consistente y temprano.&#xd;
Este estudio introduce un novedoso sistema de diagnóstico automatizado para la ROP que requiere tratamiento al incorporar una secuencia de imágenes de sesiones consecutivas junto con el peso al nacer y la edad gestacional del bebé, alejándose del enfoque convencional de depender únicamente de una imagen por paciente y ojo. Al incorporar la Clasificación Bayesiana Recursiva y las Redes Neuronales Recurrentes, el modelo incorpora la progresión temporal de la enfermedad a lo largo de las sesiones, demostrando un mejor rendimiento diagnóstico como lo evidencian la métrica F1 obtenida para el diagnóstico de ROP que requiere tratamiento.&#xd;
El trabajo futuro se centrará en refinar estos modelos y tratar de recopilar e incorporar datos de más sesiones para validar los resultados obtenidos en este estudio.</subfield>
   </datafield>
   <datafield ind2=" " ind1=" " tag="520">
      <subfield code="a">Retinopathy of Prematurity (ROP) is a vascular disorder in the retina that affects around two-thirds of premature infants weighing less than 1250g at birth. Although most cases resolve without intervention within several months, 5% to 10% progress to severe ROP, posing the risk of permanent blindness if left untreated. The traditional diagnostic process is subjective and varies significantly among clinicians, which poses a challenge in consistent and early diagnosis. &#xd;
This study introduces a novel automated diagnostic system for ROP requiring treatment by incorporating a sequence of images from consecutive sessions alongside the baby's birth weight and gestational age, departing from the conventional approach of relying solely on a single image per patient and eye. By leveraging Recursive Bayesian Classification and Recurrent Neural Networks, the model incorporates temporal progression of the disease across sessions, demonstrating enhanced diagnostic performance as evidenced by improved F1 scores for ROP requiring treatment diagnosis.&#xd;
Future work will focus on refining these models and trying to collect and incorporate data from more sessions to validate the results derived from this study.</subfield>
   </datafield>
   <datafield ind2=" " ind1=" " tag="520">
      <subfield code="a">Outgoing</subfield>
   </datafield>
   <datafield tag="653" ind2=" " ind1=" ">
      <subfield code="a">Àrees temàtiques de la UPC::Matemàtiques i estadística</subfield>
   </datafield>
   <datafield tag="653" ind2=" " ind1=" ">
      <subfield code="a">Àrees temàtiques de la UPC::Informàtica::Intel·ligència artificial</subfield>
   </datafield>
   <datafield tag="653" ind2=" " ind1=" ">
      <subfield code="a">Neural networks (Computer science)</subfield>
   </datafield>
   <datafield tag="653" ind2=" " ind1=" ">
      <subfield code="a">Bayesian statistical decision theory</subfield>
   </datafield>
   <datafield tag="653" ind2=" " ind1=" ">
      <subfield code="a">Intel·ligència Artificial</subfield>
   </datafield>
   <datafield tag="653" ind2=" " ind1=" ">
      <subfield code="a">Teoria Bayesiana de la Decisió</subfield>
   </datafield>
   <datafield tag="653" ind2=" " ind1=" ">
      <subfield code="a">Xarxes Neuronals Recurrents</subfield>
   </datafield>
   <datafield tag="653" ind2=" " ind1=" ">
      <subfield code="a">Estimació Bayesiana Recursiva</subfield>
   </datafield>
   <datafield tag="653" ind2=" " ind1=" ">
      <subfield code="a">Retinopatia de la Prematuritat.</subfield>
   </datafield>
   <datafield tag="653" ind2=" " ind1=" ">
      <subfield code="a">Xarxes neuronals (Informàtica)</subfield>
   </datafield>
   <datafield tag="653" ind2=" " ind1=" ">
      <subfield code="a">Estadística bayesiana</subfield>
   </datafield>
   <datafield tag="653" ind2=" " ind1=" ">
      <subfield code="a">Classificació AMS::60 Probability theory and stochastic processes::60A Foundations of probability theory</subfield>
   </datafield>
   <datafield tag="653" ind2=" " ind1=" ">
      <subfield code="a">Classificació AMS::68 Computer science::68T Artificial intelligence</subfield>
   </datafield>
   <datafield tag="653" ind2=" " ind1=" ">
      <subfield code="a">Classificació AMS::60 Probability theory and stochastic processes::60J Markov processes</subfield>
   </datafield>
   <datafield ind2="0" ind1="0" tag="245">
      <subfield code="a">AI and Bayesian decision theory applied to the diagnosis of ROP requiring treatment</subfield>
   </datafield>
</record></metadata></record></GetRecord></OAI-PMH>